| 000 | 00380nmm a22001577a 4500 | ||
|---|---|---|---|
| 005 | 20190819112521.0 | ||
| 008 | 160215b xxu||||| |||| 00| 0 spa d | ||
| 041 | _aeng | ||
| 082 | _a561 DC | ||
| 245 | _aHerramientas: atlas geográfico interactivo | ||
| 260 | _bOcéano multimedia | ||
| 300 | _a1 CD-ROM | ||
| 650 |
_aATLAS _97690 |
||
| 650 |
_aGEOGRAFÍA _91138 |
||
| 942 | _cCD | ||
| 999 |
_c12270 _d12270 |
||